000 00473 a2200157 4500
999 _c6996
_d6996
020 _a0750633093
050 _aHD58.9 HOW 1997
100 _aJohnson, Joe
_eAuthor
245 _aHow organizations work /
_cJoe Johnson
264 _aOxford:
_bPergamon Flexible Learning,
_c1997.
300 _a72p. :
440 _aNEBS Management Development Super Series
500 _aPublished for NEBS management
650 _aIndustrial management
942 _2lcc
_cBK
_e3rd
_h58.9
_iHOW
_k1997